[Event "PNWCC Online blitz JP 9th"]
[Site "Chess.com INT"]
[Date "2020.05.09"]
[Round "9"]
[White "Fedoseev, Vladimir1"]
[Black "Karjakin, Sergey"]
[Result "1-0"]
[WhiteElo "2678"]
[BlackElo "2752"]
[PlyCount "85"]
[EventDate "2020.05.09"]
[EventType "swiss (blitz)"]
[EventRounds "11"]
[EventCountry "USA"]
[SourceTitle "CBM 196 Extra"]
[Source "ChessBase"]
[SourceDate "2020.07.31"]
[SourceVersion "1"]
[SourceVersionDate "2020.07.31"]
[SourceQuality "1"]

1. e4 e5 2. Nf3 Nc6 3. Bb5 Nf6 4. d3 Bc5 5. Bxc6 dxc6 6. Nbd2 Nd7 7. Nc4 f6 8.
O-O O-O 9. c3 Re8 10. d4 exd4 11. cxd4 Bf8 12. Qc2 Nb6 13. b3 Bg4 14. Bb2 Qd7
15. Nfd2 Be6 16. Na5 Rab8 17. a3 Qf7 18. b4 f5 19. e5 Nd5 20. Rfe1 f4 21. Qd3
Bf5 22. Qf3 a6 23. Rac1 Re6 24. h3 g5 25. Ne4 Be7 26. Nc5 Rh6 27. Ncxb7 Kh8 28.
Rxc6 Be6 29. Nc5 Bxc5 30. dxc5 Rd8 31. Rxa6 Ne7 32. Rd1 Rg8 33. Nb7 Qf5 34. Nd8
c6 35. Nxe6 Rxe6 36. Qg4 Qg6 37. Rd6 Qb1+ 38. Qd1 Qxb2 39. Rxe6 Nf5 40. Raxc6
Nd4 41. Rcd6 Nxe6 42. Rxe6 Qxa3 43. Qd4 1-0

[Event "PNWCC Online blitz JP 9th"]
[Site "Chess.com INT"]
[Date "2020.05.09"]
[Round "10"]
[White "Quesada Perez, Yuniesky"]
[Black "Karjakin, Sergey"]
[Result "1-0"]
[WhiteElo "2598"]
[BlackElo "2752"]
[PlyCount "89"]
[EventDate "2020.05.09"]
[EventType "swiss (blitz)"]
[EventRounds "11"]
[EventCountry "USA"]
[SourceTitle "CBM 196 Extra"]
[Source "ChessBase"]
[SourceDate "2020.07.31"]
[SourceVersion "1"]
[SourceVersionDate "2020.07.31"]
[SourceQuality "1"]

1. e4 e5 2. Nf3 Nc6 3. Bb5 Nf6 4. d3 Bc5 5. Nbd2 d6 6. O-O O-O 7. Bxc6 bxc6 8.
h3 Re8 9. Re1 a5 10. Nf1 h6 11. Ng3 a4 12. c3 Bb6 13. Bd2 Be6 14. Qc2 c5 15.
Be3 Qb8 16. d4 cxd4 17. cxd4 exd4 18. Bxd4 Bxd4 19. Nxd4 c5 20. Ndf5 Ra6 21.
Qc3 Qb4 22. Nxh6+ Kh7 23. Qxb4 cxb4 24. Nhf5 Bxf5 25. exf5 Rxe1+ 26. Rxe1 Rc6
27. Kf1 d5 28. f3 Kh6 29. h4 Rc4 30. Kf2 Rxh4 31. Ke3 Rc4 32. Kd2 Rc7 33. Ne2
Kg5 34. g4 Rc4 35. Rg1 Nd7 36. f4+ Kh4 37. Ke3 Rc2 38. Kf3 Rxe2 39. Kxe2 Kh3
40. Kf3 Kh2 41. Rd1 Nb6 42. b3 a3 43. Rd4 Nc4 44. bxc4 b3 45. axb3 1-0

[Event "PNWCC Online blitz JP 9th"]
[Site "Chess.com INT"]
[Date "2020.05.09"]
[Round "11"]
[White "Karjakin, Sergey"]
[Black "Predojevic, Borki"]
[Result "1-0"]
[WhiteElo "2752"]
[BlackElo "2601"]
[PlyCount "105"]
[EventDate "2020.05.09"]
[EventType "swiss (blitz)"]
[EventRounds "11"]
[EventCountry "USA"]
[SourceTitle "CBM 196 Extra"]
[Source "ChessBase"]
[SourceDate "2020.07.31"]
[SourceVersion "1"]
[SourceVersionDate "2020.07.31"]
[SourceQuality "1"]

1. e4 d6 2. d4 Nf6 3. Nc3 e5 4. Nf3 Nbd7 5. Bc4 Be7 6. O-O O-O 7. a4 c6 8. Re1
h6 9. a5 Re8 10. h3 Bf8 11. d5 b5 12. Bb3 b4 13. dxc6 bxc3 14. cxd7 Bxd7 15.
bxc3 Qc7 16. Qd3 d5 17. Bxd5 Nxd5 18. exd5 e4 19. Rxe4 Rxe4 20. Qxe4 Qxc3 21.
Qd4 Qxc2 22. Be3 a6 23. Ne5 Bb5 24. Rc1 Qf5 25. Nc6 Bd6 26. Qg4 Qxd5 27. Bxh6
g6 28. Nd4 Be5 29. Nf3 Bf6 30. Bg5 Bg7 31. Rc7 Re8 32. Qf4 Qe6 33. Qh4 Qd5 34.
Bf4 f6 35. Qg4 g5 36. Bg3 Qe6 37. Nd4 Qxg4 38. hxg4 Bf8 39. Nxb5 axb5 40. Rb7
b4 41. a6 Re1+ 42. Kh2 Ra1 43. a7 b3 44. f4 b2 45. Rxb2 Rxa7 46. fxg5 fxg5 47.
Rb5 Be7 48. Be5 Ra4 49. Kg3 Kf7 50. Kf3 Ke6 51. Bb2 Rb4 52. Re5+ Kf7 53. Rxe7+
1-0

[Event "Lindores Abbey Prelim"]
[Site "chess24.com INT"]
[Date "2020.05.19"]
[Round "4"]
[White "Karjakin, Sergey"]
[Black "Duda, Jan Krzysztof"]
[Result "1-0"]
[WhiteElo "2709"]
[BlackElo "2774"]
[Annotator "Mueller,Karsten"]
[PlyCount "109"]
[EventDate "2020.05.19"]
[EventType "tourn (rapid)"]
[EventRounds "11"]
[EventCountry "USA"]
[EventCategory "21"]
[SourceTitle "CBM 196 Extra"]
[Source "ChessBase"]
[SourceDate "2020.07.31"]
[SourceVersion "1"]
[SourceVersionDate "2020.07.31"]
[SourceQuality "1"]

{[%evp 0,109,19,38,40,41,66,77,66,55,55,20,79,76,68,14,24,12,0,0,-6,-6,24,3,9,
6,6,0,0,-75,-66,-72,-67,-67,-80,-49,-82,-48,-75,-89,-38,-59,-59,-32,-32,-32,89,
92,92,87,191,191,210,211,211,211,211,211,211,211,211,212,209,209,213,214,212,
212,215,209,212,212,212,212,212,213,211,211,209,211,211,207,213,221,235,213,
208,205,190,163,163,159,139,129,124,183,128,128,167,153,167,165,244,289,370,
394,441,441,831,476,885,742]} 1. e4 c5 2. Nf3 d6 3. d4 cxd4 4. Nxd4 Nf6 5. Nc3
a6 6. Bg5 e6 7. f4 Qb6 8. Qd2 Qxb2 9. Rb1 Qa3 10. f5 Nc6 11. fxe6 fxe6 12. Nxc6
bxc6 13. Be2 Be7 14. e5 dxe5 15. Bxf6 Bxf6 16. Bh5+ g6 17. Ne4 O-O 18. O-O Bg7
19. Rxf8+ Qxf8 20. Bf3 Ra7 21. Rb8 Rd7 22. Qa5 Qd8 23. Qxd8+ Rxd8 24. Bg4 Kf7
25. Rxc8 Rxc8 26. Nd6+ Kf6 27. Nxc8 Bf8 28. Bf3 Kf5 29. Bxc6 e4 30. Kf2 Bc5+
31. Ke2 Kf4 32. a4 a5 33. Kd2 Bb4+ 34. c3 Bc5 35. Ke2 Kf5 36. g3 Ke5 37. Kd2
Bg1 38. h3 Bf2 39. Bb7 Bc5 40. Kc2 h5 41. Kb3 g5 42. Kc4 Bf2 43. g4 h4 44. Ne7
Kf4 45. Nc6 Kg3 46. Nxa5 Kxh3 47. Nb3 Kxg4 48. a5 Ba7 49. Nd4 {The role of the
steed Races between passed pawns must always be calculated precisely: Die
Rolle des Rosses Freibauernwettrennen müssen stets genau berechnet werden:} h3
$2 {Das ist die falsche Reihenfolge.} (49... e5 {must be played first: muss
zuerst erfolgen:} 50. Nc6 (50. Ne2 Kf3 51. Kd5 Kxe2 52. Kxe4 $11) (50. Bc8+ Kg3
51. Nf5+ Kf3 52. Nh6 e3 53. Bg4+ Kf2 54. Kd3 $11) (50. Ne6 e3 51. Kd3 Kf5 52.
Ng7+ Kg6 53. Ne6 Kf5 $11) 50... Kf4 ({After Nach} 50... Bf2 $2 51. a6 h3 {
we have a beautiful blocking motif: kommt ein schönes Sperrmotiv:} 52. Nd4 $3
exd4 53. a7 h2 54. Bxe4 $18) 51. Ne7 (51. Nxa7 $2 h3 52. a6 h2 53. Nc6 h1=Q 54.
a7 Qf1+ 55. Kc5 e3 56. a8=Q e2 57. Nb4 e1=Q $19) 51... h3 52. Nd5+ Kg3 53. Nf6
e3 54. Kd3 g4 55. Ke2 $11) 50. Bxe4 e5 $6 (50... Kf4 $5 {is more resilient,
but also loses: ist zäher, verliert nach} 51. Nxe6+ Kxe4 52. Nxg5+ Ke5 53.
Nxh3 $18 {however. aber auch.}) 51. Ne2 Kh4 52. Kd5 g4 53. c4 g3 54. Nxg3 $5 {
Now the steed can be simply sacrificed. Nun kann das Ross sich gar einfach
opfern.} Kxg3 55. c5 1-0

[Event "Lindores Abbey Final 8"]
[Site "chess24.com INT"]
[Date "2020.05.24"]
[Round "1.12"]
[White "Karjakin, Sergey"]
[Black "Dubov, Daniil"]
[Result "0-1"]
[WhiteElo "2752"]
[BlackElo "2699"]
[Annotator "Edouard,R"]
[PlyCount "42"]
[EventDate "2020.05.23"]
[EventType "k.o. (rapid)"]
[EventRounds "3"]
[EventCountry "USA"]
[SourceTitle "CBM 196 Extra"]
[Source "ChessBase"]
[SourceDate "2020.07.31"]
[SourceVersion "1"]
[SourceVersionDate "2020.07.31"]
[SourceQuality "1"]

1. e4 e5 2. Nf3 Nc6 3. Bc4 Nf6 4. d3 h6 $5 5. c3 g5 $5 {Dubov's creativity!
Black wants to push ...g4 and then ...d5.} (5... d5 $6 6. exd5 Nxd5 7. Qe2 $14)
6. a4 $146 (6. d4 {had been played by Karjakin previously:} d6 (6... exd4 {
might be playable as well:} 7. e5 Nh7 8. cxd4 Bg7 9. Nc3 O-O 10. Be3 d6 11.
exd6 Qxd6 12. h3 Nf6 13. a3 Ne7 $11 {0-1 (23) Drori,S (2419)-Sutovsky,E (2633)
Ramat Gan 2018}) 7. dxe5 dxe5 8. Qxd8+ Nxd8 9. Nxe5 Nxe4 10. O-O Nd6 11. Bb3
Be6 (11... Bg7 $5 12. Re1 Ne6 $132) 12. Re1 Bg7 13. f4 O-O 14. fxg5 Bxb3 $2 (
14... hxg5 $1 $11) 15. axb3 hxg5 16. Nd7 Re8 17. Rxe8+ Nxe8 18. Nc5 $2 (18.
Bxg5 Ne6 19. Bh4 $16) 18... g4 $11 {½-½ (37) Karjakin,S (2752)-Oparin,G 
(2652) chess.com 2020}) 6... g4 7. Nfd2 d5 8. exd5 Nxd5 9. a5 $1 {A nice move
- preventing ...Nb6 ideas.} Bg7 $5 (9... Nf4 10. O-O Nxd3 11. a6 $1 f5 $5 12.
Qa4 Nc5 13. Qc2 Qf6 14. b4 Nd7 {would lead to a complete mess, where obviously
the black king isn't very safe.}) 10. a6 $5 (10. O-O O-O 11. Ne4 f5 12. Qb3
Nce7 13. Rd1 Rb8 14. Na3 c6 15. Nc2 Kh7 $13) 10... b6 11. h3 Nf4 $1 12. Ne4 $1
{Excellent play by both players.} gxh3 (12... Nxg2+ 13. Kf1 gxh3 14. Qf3 {
could have led to a forced draw:} O-O 15. Bd5 Nh4 16. Qg3 Nf5 17. Qf3 Nh4 $11)
(12... f5 $5 13. Ng3 h5 $1 {is a total mess as well:} 14. Qa4 Qf6 15. Bb5 Bd7
16. hxg4 hxg4 17. Rxh8+ Bxh8 18. Bxf4 exf4 19. Qxf4 O-O-O $44) (12... Na5 13.
Rxa5 $1 bxa5 14. hxg4 (14. Bxf4 $5 exf4 15. hxg4 $44) 14... Nxg2+ 15. Kd2 Nf4
16. Kc2 {would give White great compensation.}) 13. g3 $5 (13. gxh3 $5 O-O 14.
Rg1 Kh8 $13) 13... Ne6 $6 {After this move Black is losing his coordination
quite a bit.} (13... Ng2+ 14. Kf1 {and the g2-knight's prospects are unclear.})
(13... Nd5 $1 {may have been the best move.}) 14. Qf3 (14. Rxh3 $5 Na5 (14...
Bd7 15. Qg4 $1 Ng5 16. Qh5 $1 $16) 15. Rxa5 $1 bxa5 16. Be3 {would also be
great for White, it seems!}) 14... Bd7 15. Rxh3 $6 {This move gives Black time
to play ...Qe7 and ...0-0-0, and the position becomes a mess.} (15. Na3 $1 Qe7
16. Nb5 {may have been the strongest, with the trick} O-O-O $2 17. Nxa7+ $1
Nxa7 $2 18. Nd6+ Qxd6 19. Qb7#) (15. b4 $5 {also made sense, to play b5 in
case of ...Qe7.}) 15... Qe7 $1 16. Rh5 (16. b4 $2 Ned4 $17) 16... O-O-O 17. Be3
$6 (17. Na3 Kb8 $13) ({The typical AlphaZero move} 17. Qh1 $5 {avoiding ...f5
ideas (with ...Ned4 to follow) could have led to a fun draw:} Kb8 18. b4 Bc8
19. Nbd2 Qd7 20. Bb5 Qd5 21. Bc4 Qd7 $11) 17... Rhf8 {The initiative clearly
turns to Black's favor.} 18. Rf5 (18. g4 Nf4 $132) 18... Kb8 19. Na3 (19. Bb5
$1 {was the only way to keep the game unclear.}) 19... Nf4 $1 20. Nd2 $2 (20.
Nc5 $3 {was the "game changer", leading to a total mess:} bxc5 21. gxf4 Qe8 $1
(21... Bxf5 $2 22. Qxc6 Bc8 23. Bxc5 $18) 22. Bd5 (22. Qh5 $5 Bxf5 23. Qxf5
exf4 24. Qxf4 $44) (22. fxe5 $5 Bxf5 23. Qxf5 Nxe5 24. Qe4 Qc6 25. Qxc6 Nxc6
26. Bxc5 Rfe8+ 27. Kf1 Bf8 28. Be3 $44) 22... Bxf5 23. Bxc6 e4 24. Bxe4 Bxe4
25. Qxe4 Qxe4 26. dxe4 Rfe8 27. f3 f5 28. e5 Re6 $13) 20... Bxf5 21. Qxc6 Bc8
$19 (21... Bc8 22. Bxb6 cxb6 23. gxf4 exf4+ 24. Kd1 {could have been played,
as this was just a blitz game.}) 0-1

[Event "Lindores Abbey Final 8"]
[Site "chess24.com INT"]
[Date "2020.05.24"]
[Round "1.13"]
[White "Dubov, Daniil"]
[Black "Karjakin, Sergey"]
[Result "1-0"]
[WhiteElo "2770"]
[BlackElo "2709"]
[Annotator "Mueller,Karsten"]
[PlyCount "187"]
[EventDate "2020.05.23"]
[EventType "k.o. (rapid)"]
[EventRounds "3"]
[EventCountry "USA"]
[SourceTitle "CBM 196 Extra"]
[Source "ChessBase"]
[SourceDate "2020.07.31"]
[SourceVersion "1"]
[SourceVersionDate "2020.07.31"]
[SourceQuality "1"]

{[%evp 0,187,26,26,25,-16,26,30,44,42,74,24,22,25,62,63,66,38,52,72,64,45,105,
89,78,91,66,74,77,77,75,81,84,78,78,73,68,74,79,56,97,50,47,47,79,38,27,38,131,
136,140,109,135,124,150,114,114,110,118,127,98,70,93,94,134,149,118,74,68,82,
71,60,52,53,60,65,89,65,96,82,96,78,87,94,78,78,105,93,105,96,100,93,131,138,
131,131,128,110,93,86,93,93,93,93,92,99,99,93,99,93,88,99,89,90,104,90,104,114,
125,95,109,99,133,99,99,93,93,93,93,100,110,101,115,108,138,103,91,84,86,84,84,
86,84,96,99,93,99,99,109,117,107,127,166,167,172,166,167,-48,119,259,259,157,
221,308,304,252,329,353,353,324,451,556,560,241,227,219,281,273,272,268,304,
313,316,328,316,343,29989,29990,29991,29992]} 1. d4 Nf6 2. c4 d6 3. Nf3 g6 4.
Nc3 Bf5 5. e3 Bg7 6. Bd3 Bc8 7. O-O O-O 8. e4 Nc6 9. d5 Nb4 10. Be2 c5 11. Bf4
Bg4 12. h3 Bxf3 13. Bxf3 Nd7 14. Be2 Na6 15. Qd2 Re8 16. Be3 Nc7 17. Rad1 Rb8
18. g3 a6 19. a4 e6 20. Kg2 exd5 21. exd5 Na8 22. b3 Qb6 23. Qc2 Rxe3 24. fxe3
Qd8 25. Rf2 Qe7 26. Rdf1 Rf8 27. Qd2 Bh6 28. Nd1 Ne5 29. a5 Nc7 30. Nb2 Ne8 31.
Nd3 Bg7 32. Nxe5 Bxe5 33. e4 Nf6 34. Bd3 Nd7 35. Bc2 Bd4 36. Rf4 Bg7 37. R4f2
Ne5 38. Qe2 h5 39. Qd2 Kh7 40. Bd1 Bh6 41. Qc3 Bg7 42. Qd2 Rc8 43. Bc2 Rc7 44.
Qe1 Kg8 45. Qd2 Kf8 46. Bd1 Ke8 47. Bc2 Kd8 48. Bb1 Kc8 49. Bc2 Kb8 50. Bb1 Ka7
51. Bc2 Kb8 52. Bb1 Rc8 53. Bc2 Rh8 54. Bb1 Bh6 55. Qc3 Rh7 56. Bc2 Bg5 57. Bb1
Qf8 58. Bc2 Qe8 59. Bb1 Qd7 60. Bc2 Rg7 61. Bd1 Rg8 62. Bc2 Re8 63. Bb1 Re7 64.
Bc2 Kc8 65. Bb1 Kd8 66. Bc2 Ke8 67. Bb1 Kf8 68. Bc2 Kg8 69. Bb1 Re8 70. Bc2 Rb8
71. Bd1 Bh6 72. Bc2 Bg7 73. Qd2 b5 74. axb6 Rxb6 75. Bd1 Qb7 76. Qg5 Qc7 77. g4
hxg4 78. Bxg4 Rb7 79. Rxf7 Nxf7 80. Be6 Qb8 81. Qxg6 Qe8 82. e5 dxe5 83. d6 Kf8
84. Qf5 Qc6+ 85. Bd5 Qd7 {The subsequent liquidation leads to an easily won
ending with rooks and bishops of opposite colours, which could also be called
the Karpov endgame:  Die folgende Abwicklung führt in ein leicht gewonnens
Endspiel mit Türmen und ungleichfarbigen Läufern, das auch Karpovendspiel
genannt werden könnte:} 86. Bxf7 $5 Qxf5 87. Rxf5 Rxb3 (87... Rxf7 88. d7 Rxf5
89. d8=Q+ Kf7 90. Qd5+ Kg6 91. Qxc5 e4 92. Qc6+ $18) 88. Bd5+ Ke8 89. Rf7 Bh6
90. Re7+ Kf8 91. Rf7+ Ke8 92. Rf6 Bg7 (92... Kd7 93. Rxh6 $18) 93. Bc6+ Kd8 94.
Re6 {An impressively simple mating attack! Ein beeindruckend einfacher
Mattangriff!} 1-0

[Event "Lindores Abbey Final 8"]
[Site "chess24.com INT"]
[Date "2020.05.26"]
[Round "1.23"]
[White "Karjakin, Sergey"]
[Black "Dubov, Daniil"]
[Result "0-1"]
[WhiteElo "2752"]
[BlackElo "2699"]
[Annotator "Edouard,R"]
[PlyCount "56"]
[EventDate "2020.05.23"]
[EventType "k.o. (rapid)"]
[EventRounds "3"]
[EventCountry "USA"]
[SourceTitle "CBM 196 Extra"]
[Source "ChessBase"]
[SourceDate "2020.07.31"]
[SourceVersion "1"]
[SourceVersionDate "2020.07.31"]
[SourceQuality "1"]

1. e4 d5 2. exd5 Qxd5 3. Nc3 Qd6 4. d4 Nf6 5. Nf3 Nc6 $5 {Dubov's creativity,
again! The main moves here are 5...a6, 5...c6 and 5...g6 - and they're all
more solid-looking!} 6. Nb5 {The most logical way to play - other moves lie 6.
g3 or 6.Be2 being a bit slow. Black would play ...a6 and then possibly ...Bg4,
...e6, and choose were to castle.} Qd8 7. Bf4 $146 (7. d5 {looked like more
dangerous try:} Nb4 (7... Nxd5 $2 8. Qxd5 $18) 8. c4 e6 9. Qa4 (9. dxe6 Bxe6
10. Bf4 Na6 11. a3 {may give White some small edge.}) 9... c6 10. dxc6 Nxc6 11.
Be2 (11. a3 $5) 11... Bb4+ 12. Bd2 Bxd2+ 13. Nxd2 O-O $11 {1/2-1/2 (29)
Kovacevic,A (2555)-Milanovic,D (2487) SRB 2013}) (7. c4 a6 8. Nc3 e6 $5 (8...
Bg4 $6 9. d5 Ne5 10. Be2 Nxf3+ 11. Bxf3 Qd7 12. O-O g6 13. Ne4 $1 $16 {1-0 (22)
Zelcic,R (2555)-Kamaryt,T (2107) AUT 2011}) 9. a3 b6 10. Be2 Bb7 11. O-O Bd6 {
and Back's position proved playable in a blitz game, although White should be
slightly better (e.g. 12.Be3): 0-1 (33) Markidis,K (2148)-Narayanan,S (2618)
chess.com 2020.}) 7... Nd5 8. Bg3 a6 9. Na3 $2 (9. Nc3 Bg4 $132) 9... e5 $1 {
A very bad but typical surprise, the c1-bishop and the a3-knight being so far
from the a5-b4 diagonal.} 10. dxe5 Bb4+ 11. Nd2 $6 (11. c3 {was mandatory:}
Nxc3 (11... Bxa3 $5 12. bxa3 Nxc3 {should also be playable}) 12. bxc3 (12.
Qxd8+ Kxd8 13. Nc2 Nxa2+ 14. Ke2 Be6 $40) 12... Qxd1+ 13. Rxd1 Bxa3 $11) 11...
h5 $1 {Going for it! Black wants to create more weaknesses.} (11... Nd4 12.
Nac4 $1 $13) 12. h4 $6 (12. h3 $8 Nd4 $1 13. Nac4 (13. Bd3 Bxa3 14. bxa3 h4 15.
Bh2 Nc3 16. Qc1 Qd5 $17) (13. c3 Bxa3 14. bxa3 Nxc3 15. Qc1 Na4 $17) 13... Bf5
14. Rc1 Bc3 $1 {threatening ...Bxb2 and ...Nc3. Thanks to the inclusion of ...
h5 and h3, the white queen has lost two of it escaping squares: g4 and h5!})
12... Bg4 {White's position turns to a disaster.} 13. Be2 $2 (13. Qc1 Qe7 (
13... f5 $5 14. exf6 gxf6 $17) 14. Bd3 O-O-O 15. O-O g5 $19) 13... Bxa3 $1 14.
Bxg4 (14. bxa3 Nc3 $19) 14... Bxb2 15. Bxh5 Bxa1 16. e6 g6 {Just 16 moves, and
it's all over. White continued for another 12 moves, but he's simply a rook
down.} 17. Bf3 Bf6 18. exf7+ Kxf7 19. Be4 Nc3 20. Qg4 Nxe4 21. Nxe4 Qc8 22. Qf4
Qf5 23. Qxc7+ Kg8 24. f3 Rh7 25. Qd6 Re8 26. O-O Bd4+ 27. Bf2 Rd7 28. Qa3 Rxe4
$1 (28... Rxe4 29. fxe4 Bxf2+ 30. Rxf2 Rd1+ $19) 0-1

[Event "Lindores Abbey Final 8"]
[Site "chess24.com INT"]
[Date "2020.05.27"]
[Round "1.31"]
[White "Dubov, Daniil"]
[Black "Karjakin, Sergey"]
[Result "1-0"]
[WhiteElo "2699"]
[BlackElo "2752"]
[Annotator "Edouard,R"]
[PlyCount "59"]
[EventDate "2020.05.23"]
[EventType "k.o. (rapid)"]
[EventRounds "3"]
[EventCountry "USA"]
[SourceTitle "CBM 196 Extra"]
[Source "ChessBase"]
[SourceDate "2020.07.31"]
[SourceVersion "1"]
[SourceVersionDate "2020.07.31"]
[SourceQuality "1"]

1. d4 Nf6 2. c4 e6 3. Nf3 d5 4. Nc3 Be7 5. Bg5 Nbd7 6. e3 h6 7. Bf4 $5 {
Changing for the usual 7.Bh4. However, ...h6 is a useful move for Black unless
you are able to launch an attack shortly. Let's have a look...} O-O ({Black
can try to be solid with} 7... c6 $5 {but White should get the initiative:} 8.
h3 $5 (8. Rc1 $5 O-O 9. h3 Ne4 10. Bd3 Nxc3 11. bxc3 b6 12. cxd5 cxd5 13. g4
$36 {1-0 (50) Rakhmanov,A (2652)-Kiriakov,P (2520) Dubai 2018}) 8... dxc4 9.
Bxc4 Nb6 10. Bb3 Nbd5 11. O-O Nxf4 12. exf4 O-O 13. Ne5 Qd6 14. Qd3 $14 {
1-0 (70) Ernst,S (2576)-Venkatesh,M (2468) NED 2008}) (7... c5 $6 8. Nb5 $1
Qa5+ 9. Qd2 Qxd2+ 10. Nxd2 O-O 11. Nc7 Rb8 12. cxd5 exd5 13. dxc5 Nxc5 $6 14.
Nxd5 Nxd5 15. Bxb8 Bg4 16. Bxa7 Nb4 17. f3 $18 {½-½ (44) Anton,T (2425)
-Banzea,A (2300) Cap Aurora 2017}) 8. g4 $5 {That's definitely the idea behind
forcing ...h6. An interesting practical move for a rapid/blitz game - probably
nothing more!} c5 {Typical reaction: reacting in the center!} (8... dxc4 {
is typical as well:} 9. Bxc4 Nb6 (9... c5 10. g5 hxg5 11. Bxg5 cxd4 12. exd4 b5
13. Bxb5 Nd5 14. Rg1 Bxg5 15. Nxg5 Nxc3 16. bxc3 Qa5 17. Qd3 Nf6 18. a4 $36 {
1-0 (30) Esipenko,A (2603)-Dai,C (2473) Moscow 2019}) 10. Bb3 Nfd5 11. Bg3 c5 {
Somewere here, I'm sure Dubov had an improvement on the current game.} 12. Ne5
(12. O-O $5) 12... cxd4 13. Qxd4 (13. exd4 $5) 13... Nxc3 14. bxc3 Nd5 15. O-O
Qa5 16. Rac1 Rd8 17. Rfd1 Bd7 $1 $11 {0-1 (75) Grischuk,A (2780)-Caruana,F 
(2803) RUS 2015}) 9. g5 $146 (9. Rg1 {had been played once in an amateur game,
but proved too slow.}) 9... hxg5 10. Nxg5 cxd4 (10... Qb6 $1 {looked like the
way to create problems. After} 11. Qd2 Nh5 $1 {it looks to me like Black is
more than fine.}) 11. exd4 dxc4 12. Rg1 Nd5 $6 {Natural - but a mistake. Some
positions are so difficult to play for humans!} (12... b5 $5 13. Bg2 Rb8 (13...
Ba6 $5) {Now a fun draw could be:} 14. Qf3 b4 15. Qh3 Qa5 16. Be4 bxc3 17. Bh7+
Kh8 $11) (12... Nb6 $5 {was playable as well. Here perhaps} 13. Nf3 {to set to
knight to e5 would be best.}) (12... Qb6 {would no longer be clear, and could
also lead to crazy lines:} 13. Bxc4 $1 Qxb2 14. Rg3 Qb4 15. Nxe6 Qxc4 16. Nxg7
Kh8 17. Rh3+ Nh7 18. Rxh7+ Kxh7 19. Qh5+ Kg8 (19... Kxg7 $11) 20. Nf5 $1 Qxc3+
21. Kf1 Qxa1+ 22. Kg2 Bf6 $8 23. Qg4+ Kh7 24. Qh5+ $11) 13. Qc2 $1 {Now White
has a serious initiative.} Bxg5 14. Bxg5 f6 15. Bh6 Rf7 16. Bxc4 N7b6 17. Be2
f5 (17... Qc7 $5 {with the idea of} 18. Qg6 Nf4 {made sense.}) (17... Ne7 18.
Bh5 {grabs an exchange.}) 18. O-O-O $5 (18. Qd2 $5) 18... Qh4 19. Bg5 Qxf2 {
One more pawn - Dubov doesn't care, as usual!} 20. Qd2 Bd7 (20... Rc7 $5 {
may have been clever:} 21. Rdf1 Qxh2 22. Bd8 $5 (22. Rh1 Qd6 $132) 22... Rd7
23. Bxb6 axb6 24. Rh1 Qg2 25. Rfg1 Qf2 26. Nxd5 exd5 27. Qh6 Qe1+ $1 28. Rxe1
gxh6 29. Rxh6 Kg7 30. Rxb6 Ra4 $11) (20... f4 21. Rdf1 $1 Qe3 22. Bh5 (22. Qxe3
$5) 22... Rf5 23. Bg6 Qxd2+ 24. Kxd2 Rf8 25. Bd3 $44) 21. Rdf1 Qxh2 22. Rh1 Qd6
$6 (22... Qc7 {may have been a better defence - see the explanation on move 23.
}) 23. Rh3 Nxc3 (23... g6 24. Rfh1 Rg7 25. Ne4 $1 {The difference with 22...
Qc7.} fxe4 $2 26. Rh8+ Kf7 27. Rf1+ $18) 24. Rfh1 Nxe2+ 25. Qxe2 Qc6+ 26. Kb1
Qxh1+ 27. Rxh1 Bc6 28. Rh4 Be4+ 29. Ka1 Rc8 $2 (29... Rff8 30. Qh2 Kf7 31. Rh7
f4 $1 {was the only way to stay in the game.}) 30. Qh2 1-0